000 00353nam a2200145 i 4500
001 bg
100 1 _aCOOPER, M. J.
245 0 _aWhat computers can do :
_ba guide for the plain man /
_cM.J. Cooper.
260 _aAmsterdam,
_c1969.
040 _cBPK
041 _apol
080 _a681.322
942 _cKS
008 s pl f |000 0 pol
999 _c14563
_d14563
856 _uhttp://koha.tu.koszalin.pl/cgi-bin/koha/opac-detail.pl?biblionumber=14563
_yKatalog online BPK